Statistics for 事態対処法に基づく指定公共機関

Click here to take the quiz!

General Stats

  • This quiz has been taken 22 times
  • The average score is 32 of 131

Answer Stats

No.Answer% Correct
83東海旅客鉄道
89%
85東日本旅客鉄道
89%
84西日本旅客鉄道
84%
3関西電力
84%
22北海道電力
84%
5九州電力
84%
18東北電力
84%
11中部電力
84%
7四国電力
79%
82九州旅客鉄道
74%
80日本航空
68%
79全日本空輸
63%
1沖縄電力
63%
9中国電力
63%
107KDDI
63%
108ソフトバンク
58%
95東武鉄道
58%
99阪急電鉄
53%
98西日本鉄道
53%
94東急電鉄
53%
93西武鉄道
53%
89京成電鉄
53%
20北陸電力
53%
92相模鉄道
53%
87近畿日本鉄道
53%
109NTTドコモ
53%
69佐川急便
47%
73ヤマト運輸
47%
88京王電鉄
47%
86小田急電鉄
47%
90京阪電気鉄道
47%
96名古屋鉄道
42%
91京浜急行電鉄
42%
32東邦瓦斯
37%
97南海電気鉄道
37%
27大阪瓦斯
37%
100阪神電気鉄道
37%
30東京瓦斯
37%
16東京電力ホールディングス
32%
71日本通運
32%
15東京電力パワーグリッド
26%
24電源開発
26%
70西濃運輸
26%
29西部瓦斯
26%
78スカイマーク
26%
38新日本海フェリー
21%
14東京電力エナジーパートナー
21%
76スターフライヤー
21%
81日本トランスオーシャン航空
21%
129ニッポン放送
21%
115フジテレビジョン
21%
113テレビ朝日
21%
114テレビ東京
21%
121日本テレビ放送網
16%
72福山通運
16%
77ソラシドエア
16%
130文化放送
16%
46ジェイアールバス関東
16%
58国際興業
16%
40阪九フェリー
16%
37商船三井フェリー
16%
75AIRDO
16%
2JERA
16%
127TBSラジオ
16%
112TBSテレビ
16%
116毎日放送
11%
64日本交通
11%
4関西電力送配電
11%
35フェリーさんふらわあ
11%
36名門大洋フェリー
11%
57京浜急行バス
11%
39太平洋フェリー
11%
62東武バスセントラル
11%
42宮崎カーフェリー
11%
26日本原子力発電
11%
47ジェイアールバス東北
11%
60東急バス
11%
122讀賣テレビ放送
11%
28大阪ガスネットワーク
11%
52神奈川中央交通
11%
53近鉄バス
11%
117関西テレビ放送
11%
55京成バス
11%
67三重交通
11%
65阪急バス
11%
123朝日放送ラジオ
5%
102川崎近海汽船
5%
124大阪放送
5%
128日経ラジオ社
5%
110朝日放送テレビ
5%
66阪神バス
5%
41マルエーフェリー
5%
21北陸電力送配電
5%
17東京電力リニューアブルパワー
5%
23北海道電力ネットワーク
5%
25電源開発送変電ネットワーク
5%
31東京ガスネットワーク
5%
33東邦ガスネットワーク
5%
34オーシャントランス
5%
68名阪近鉄バス
5%
13中部電力ミライズ
5%
44ジェイアール四国バス
5%
45ジェイアール東海バス
5%
48ジェイ・アール北海道バス
5%
19東北電力ネットワーク
5%
12中部電力パワーグリッド
5%
10中国電力ネットワーク
5%
8四国電力送配電
5%
49中国ジェイアールバス
5%
6九州電力送配電
5%
50西日本ジェイアールバス
5%
51小田急バス
5%
54京王電鉄バス
5%
56京阪バス
5%
59西武バス
5%
61東都観光バス
5%
63南海バス
5%
43JR九州バス
5%
125MBSラジオ
5%
131東海ラジオ放送
0%
120名古屋テレビ放送
0%
119東海テレビ放送
0%
118中京テレビ放送
0%
106エヌ・ティ・ティ・コミュニケーションズ
0%
105琉球海運
0%
104栗林商船
0%
103近海郵船
0%
101井本商運
0%
74ANAウイングス
0%
111CBCテレビ
0%
126CBCラジオ
0%

Score Distribution

Percentile by Number Answered

Percent of People with Each Score

Your Score History

You have not taken this quiz